00386nam a2200157Ia 4500001000900000003000500009005001700014008004100031010001100072040000900083082001300092245005500105260003600160300000900196650002300205dia_2378CHAP20230509091615.0220117s1977 xx 000 0 und d a172900 cCHAP a658.3 P7 aPrograma Internacional de Actualizacion en General aMéxico :b Mcgraw-Hill,c1977 a4 v. a1.Administración